000 00582nam a2200229Ia 4500
003 OSt
005 20221005121332.0
006 a|||||r|||| 00| 0
007 ta
008 221004b |||||||| |||| 00| 0 eng d
024 _a66954
037 _cTextual
040 _aCRL
_cCRL
_beng
041 _2eng
_aeng
082 _aV2851:1:N2, F0
100 _aMohammad Rafiullah Co.
_9630417
245 0 _aGwalior's part in the war
260 _c1920
650 _aHISTORY
942 _hV2851:1:N2, F0
_cTEXL
_2cc
999 _c1040818
_d1040818